Heimische Lissamphibien und Reptilien - lateinische Namen - Statistiken

Allgemein
  • Dieses Quiz wurde 34 mal gespielt
  • Das Durchschnittsergebnis liegt bei 20 aus 35
Antwortstatistiken
Deutscher Name Familie Lateinischer Name % Korrekt
Erdkröte Bufonidae Bufo bufo
92%
Feuersalamander Salamandridae Salamandra salamandra
92%
Aspisviper Viperidae Vipera aspis
92%
Kreuzotter Viperidae Vipera berus
92%
Laubfrosch Hylidae Hyla arborea
83%
Europäische Sumpfschildkröte Emydidae Emys orbicularis
75%
Ringelnatter Natricidae Natrix natrix
75%
Blindschleiche Anguidae Anguis fragilis
67%
Rotbauchunke Bombinatoridae Bombina bombina
67%
Gelbbauchunke Bombinatoridae Bombina variegata
58%
Östliche Smaragdeidechse Lacertidae Lacerta viridis
58%
Fadenmolch Salamandridae Lissotriton helveticus
58%
Teichmolch Salamandridae Lissotriton vulgaris
58%
Barren-Ringelnatter Natricidae Natrix helvetica
58%
Kammmolch Salamandridae Triturus cristatus
58%
Äskulapnatter Colubridae Zamenis longissimus
58%
Waldeidechse Lacertidae Zootoca vivipara
58%
Wechselkröte Bufonidae Bufotes viridis
50%
Schlingnatter Colubridae Coronella austriaca
50%
Kreuzkröte Bufonidae Epidalea calamita
50%
Bergmolch Salamandridae Ichthyosaura alpestris
50%
Zauneidechse Lacertidae Lacerta agilis
50%
Westliche Smaragdeidechse Lacertidae Lacerta bilineata
50%
Würfelnatter Natricidae Natrix tessellata
50%
Knoblauchkröte Pelobatidae Pelobates fuscus
50%
Mauereidechse Lacertidae Podarcis muralis
50%
Grasfrosch Ranidae Rana temporaria
50%
Alpensalamander Salamandridae Salamandra atra
50%
Geburtshelferkröte Alytidae Alytes obstetricans
42%
Teichfrosch Ranidae Pelophylax "esculentus"
33%
Kleiner Wasserfrosch Ranidae Pelophylax lessonae
33%
Seefrosch Ranidae Pelophylax ridibunda
33%
Moorfrosch Ranidae Rana arvalis
33%
Springfrosch Ranidae Rana dalmatina
33%
Alpen-Kammmolch Salamandridae Triturus carnifex
33%
Keine übereinstimmenden Quizze gefunden
Verteilung der Resultate
Anzahl Personen mit jedem Resultat
Perzentil nach korrekt beantworteten Fragen
Ihre Resultats-Entwicklung
Sie haben dieses Quiz noch nicht gespielt